Представление документа в формате RUSMARC

ПолеНазваниеЗначение
  Тип записи a
  Библиографический уровень m
001 Контрольный номер c699bfcdf6e94133a31be6b894bf2459
005 Дата корректировки 20230109162858.2
010 Индекс ISBN __
a ISBN 978-5-406-03618-1
b Уточнения в пер.
d Цена 738-00
100 Данные общей обработки __
a Данные общей обработки 20220411d2021 m y0rusy028902 ca
101 Язык документа 0_
a Язык текста rus
102 Страна публикации __
a Страна публикации RU
105 Кодированные данные (монография) __
a Кодированные данные (монография) y z 000yy
181 Поле кодированных данных: вид содержания _0
a Код вида содержания (ISBD) i
182 Поле кодированных данных: тип средства _0
a Код типа средства (ISBD) n
200 Заглавие и сведения об ответственности 1_
a Заглавие Русский язык. Орфография, пунктуация и культура речи
e Сведения, относящиеся к заглавию учебно-практическое пособие
e Сведения, относящиеся к заглавию [для всех направлений бакалавриата]
f Первые сведения об ответственности Т. М. Воителева, В. В. Тихонова
203 Вид содержания и тип средства __
a Вид содержания Текст
c Тип средства непосредственный
210 Выходные данные 1_
a Место издания Москва
c Издательство КноРус
d Дата издания 2021
215 Физическое описание __
a Объем 218, [1] с.
d Формат 22 см
225 Серия 2_
a Серия Бакалавриат
320 Библиография __
a Библиография Библиография в конце книги
330 Аннотация __
a Аннотация Цель пособия - обобщить, систематизировать полученные в школе знания по русскому языку, повторить основные правила орфографии и пунктуации, закрепить навыки грамотного письма и использования языковых единиц в устной и письменной речи. Материал пособия построен на основе "Правил русской орфографии и пунктуации". В книге представлен теоретический материал, а также комплекс упражнений по каждой теме. В конце книги представлены тексты диктантов, которые возможно использовать для контроля знаний студентов. Соответствует ФГОС ВО последнего поколения. Для аудиторной (коллективной) и самостоятельной работы студентов.
517 Другие варианты заглавия 1_
a Другие варианты заглавия Орфография, пунктуация и культура речи
606 Тематические рубрики __
2 Код системы nlr_sh
a Основная рубрика Языкознание
606 Тематические рубрики __
2 Код системы nlr_sh
a Основная рубрика Русский язык
610 Ключевые слова 0_
a Ключевые слова орфография
610 Ключевые слова 0_
a Ключевые слова пунктуация
610 Ключевые слова 0_
a Ключевые слова культура речи
610 Ключевые слова 0_
a Ключевые слова правописание
610 Ключевые слова 0_
a Ключевые слова члены предложения
610 Ключевые слова 0_
a Ключевые слова знаки препинания
610 Ключевые слова 0_
a Ключевые слова части речи
686 Индексы других классификаций __
2 Код системы rubbks
a Классификационный индекс 81.411.2я73; ст81.411.2я73
700 Автор _1
a Фамилия Воителева
b Имя Т. М.
g Полное личное имя Татьяна Михайловна
4 Код отношения 070
701 Альтернативная интеллектуальная ответственность _1
a Фамилия Тихонова
b Имя В. В.
g Полное личное имя Вера Владимировна
4 Код отношения 070
801 Источник записи _0
a Страна RU
b Организация Муниципальное бюджетное учреждение культуры "Централизованная библиотечная система" г. Сургут (Центральная городская библиотека им. А. С. Пушкина)
c Дата составления 20220411
g Правила каталогизации PSBO
801 Источник записи _1
a Страна RU
b Организация Муниципальное бюджетное учреждение культуры "Централизованная библиотечная система" г. Сургут (Центральная городская библиотека им. А. С. Пушкина)
c Дата составления 20220411
g Правила каталогизации PSBO
852 Данные о местонахождении __
i Авторский знак В 65
j Шифр хранения 81.411.2я73
900 Макрообъекты __
a Макрообъекты Русский язык. Орфография, пунктуация и культура речи. Воителева, Т. М. 2021
901 Тип документа __
a Ответственный КиК/Обаева
t Тип документа m
903 Характеристики (МАРС) __
a Дата передачи 20220411
c Наименование библиотеки (МАРС) Муниципальное бюджетное учреждение культуры "Централизованная библиотечная система" г. Сургут (Центральная городская библиотека им. А. С. Пушкина)
969 Тип издания __
a Тип издания учебное пособие
990 Данные о заказе (DOS) __
j Количество экземпляров (DOS) 3
t N записи в КСУ для И/У (DOS) 202204